| 000 | 00556cas a22001935a 4500 | ||
|---|---|---|---|
| 001 | L112843 | ||
| 008 | 070514d20022003xxkux p a eng u | ||
| 035 | _a(Sirsi) u112843 | ||
| 041 | 0 | _aeng | |
| 110 | 2 |
_aRoyal Institution of Chartered Surveyors _bMinerals and Waste Management Faculty |
|
| 245 | _aMinerals and Waste Management Bulletin | ||
| 260 |
_aLondon _bRICS _c2002-2003 |
||
| 362 | 0 | _aMay 2002-March 2003 | |
| 554 | _aIrregular | ||
| 651 | 4 |
_aUnited Kingdom _y |
|
| 690 | _aMINING AND MINERALS | ||
| 780 | 0 | 0 | _tMinerals Bulletin |
| 942 | _n0 | ||
| 999 |
_c118740 _d118740 |
||